Представление документа в формате MARC21

ПолеНазваниеЗначение
  Тип записи a
  Библиографический уровень m
001 Контрольный номер RU/URAIT/587080
005 Дата корректировки 20260429163604.8
008 Кодируемые данные 260429s2026 RU y f j 000 0 rus u
020 Индекс ISBN __
a ISBN 978-5-534-18624-6
c Цена, тираж 629.00
040 Источник каталогиз. __
a Служба первич. каталог. ИКО Юрайт
c Служба, преобразующая запись ИКО Юрайт
e Правила каталог. RCR
041 Код языка издания __
a Код языка текста rus
044 Код страны публикации __
a Код страны публикации RU
080 Индекс УДК __
a Индекс УДК 336(075.32)
084 Индекс другой классификации/Индекс ББК __
2 Источник индекса rubbk
a Индекс другой классификации/Индекс ББК 65.26я723
100 Автор __
a Автор Биткина И. К.
q Полное имя Биткина Ирина Константиновна
245 Заглавие __
a Заглавие Финансы организаций. Практический курс
b Продолж. заглавия учебник для спо
c Ответственность И. К. Биткина.
250 Сведения об издании __
g пер. и доп
a Основные сведения об издании 3-е изд.
256 Характеристики компьютерного файла __
a Характеристики компьютерного файла Электрон. дан.
260 Выходные данные __
a Место издания Москва
b Издательство Юрайт
c Дата издания 2026
300 Физическое описание __
a Объем 146 с
440 Серия __
a Серия Профессиональное образование
500 Примечания __
a Примечание URL: https://urait.ru/bcode/587080 (дата обращения: 29.04.2026).
520 Аннотация __
a Аннотация Курс включает в себя совокупность практических заданий по финансам организаций. Представленные задачи, кейсы и деловые игры направлены на укрепление теоретических знаний, полученных в ходе изучения дисциплины "Финансы организаций (предприятий)" и развитие практических компетенций будущих специалистов. Может быть использовано для подготовки к практическим и семинарским занятиям, тестированию, зачетам и экзаменам. Соответствует актуальным требованиям федерального государственного образовательного стандарта среднего профессионального образования и профессиональным требованиям. Для студентов среднего профессионального образования, обучающихся по экономическим специальностям.
538 Прим. о системных особенностях __
a Прим. о системных особенностях Режим доступа: Электронно-библиотечная система Юрайт, для авториз. пользователей
653 Ключевые слова __
a Ключевые слова Финансы
653 Ключевые слова __
a Ключевые слова Экономические науки
653 Ключевые слова __
a Ключевые слова Финансы организаций (предприятий)
653 Ключевые слова __
a Ключевые слова Финансы предприятия
653 Ключевые слова __
a Ключевые слова Финансы организаций
653 Ключевые слова __
a Ключевые слова Финансовая политика предприятия
653 Ключевые слова __
a Ключевые слова Финансы организации
653 Ключевые слова __
a Ключевые слова Финансы предприятия (фирмы)
653 Ключевые слова __
a Ключевые слова Финансы предприятия автомобильного транспорта
653 Ключевые слова __
a Ключевые слова Финансово-экономический анализ деятельности организации и оценка финансовых рисков организации
856 Электронный адрес документа 40
n Местонахождение сервера Юрайт
g Электронная книга
q Тип электронного формата html
h Имя пользователя ЮРАЙТ
v Часы доступа к ресурсу 20271231
2 Способ доступа Показать документ
x Служебное примечание https://urait.ru/book/cover/1AD954BE-6FEA-4C01-A1CA-D73F48FEC2FD
u URL https://urait.ru/bcode/587080
856 Электронный адрес документа 48
q Тип электронного формата cover
u URL https://urait.ru/book/cover/1AD954BE-6FEA-4C01-A1CA-D73F48FEC2FD
911 __
u 0030=https://urait.ru/bcode/587080
911 __
u 073a=9785534186246
u 073d=629.00
911 __
u 106a=s
911 __
u 900l=
952 Тип литературы __
i Дисциплина Финансы организаций (предприятий)
952 Тип литературы __
i Дисциплина Финансы предприятия
952 Тип литературы __
i Дисциплина Финансы организаций
952 Тип литературы __
i Дисциплина Финансовая политика предприятия
952 Тип литературы __
i Дисциплина Финансы организации
952 Тип литературы __
i Дисциплина Финансы предприятия (фирмы)
952 Тип литературы __
i Дисциплина Финансы предприятия автомобильного транспорта
952 Тип литературы __
i Дисциплина Финансово-экономический анализ деятельности организации и оценка финансовых рисков организации